Leading with Nothing to Lose: (Record no. 3511)
[ view plain ]
| 000 -LEADER | |
|---|---|
| fixed length control field | 00595nam a2200193Ia 4500 |
| 003 - CONTROL NUMBER IDENTIFIER | |
| control field | GBCCL |
| 005 - DATE AND TIME OF LATEST TRANSACTION | |
| control field | 20241126110456.0 |
| 008 - FIXED-LENGTH DATA ELEMENTS--GENERAL INFORMATION | |
| fixed length control field | 171128b xxu||||| |||| 00| 0 eng d |
| 020 ## - INTERNATIONAL STANDARD BOOK NUMBER | |
| International Standard Book Number | 978-81-7362-902-0 |
| 040 ## - CATALOGING SOURCE | |
| Transcribing agency | gbc |
| 082 ## - DEWEY DECIMAL CLASSIFICATION NUMBER | |
| Classification number | 262.1 |
| Item number | WAL.2 |
| 100 ## - MAIN ENTRY--PERSONAL NAME | |
| Personal name | Walker, Simon |
| 9 (RLIN) | 7056 |
| 245 ## - TITLE STATEMENT | |
| Title | Leading with Nothing to Lose: |
| Remainder of title | Training in the Exercise of power / |
| Statement of responsibility, etc. | Simon Walker |
| 260 ## - PUBLICATION, DISTRIBUTION, ETC. | |
| Name of publisher, distributor, etc. | Authentic Books, |
| Place of publication, distribution, etc. | Hyderabad: |
| Date of publication, distribution, etc. | 2009 |
| 300 ## - PHYSICAL DESCRIPTION | |
| Extent | 165p.; |
| Other physical details | ill., |
| Dimensions | 20 cm. |
| 440 ## - SERIES STATEMENT/ADDED ENTRY--TITLE | |
| Title | The Undefended Leader trilogy |
| Volume/sequential designation | 2 |
| 9 (RLIN) | 7054 |
| 650 ## - SUBJECT ADDED ENTRY--TOPICAL TERM | |
| Topical term or geographic name entry element | Christian leadership |
| 9 (RLIN) | 1568 |
| 942 ## - ADDED ENTRY ELEMENTS (KOHA) | |
| Edition | IST INDIAN ED |
| Source of classification or shelving scheme | Dewey Decimal Classification |
| Koha item type | Books |
| Withdrawn status | Lost status | Source of classification or shelving scheme | Damaged status | Not for loan | Home library | Current Library | Shelving location | Date acquired | Total checkouts | Full call number | Barcode | Date last seen | Copy number | Price effective from | Koha item type |
|---|---|---|---|---|---|---|---|---|---|---|---|---|---|---|---|
| Dewey Decimal Classification | GRACE BIBLE COLLEGE | GRACE BIBLE COLLEGE | Ministry & Mission | 2017-11-28 | 262.1 WAL | 000572 | 2025-05-01 | v.2 c.1 | 2017-11-28 | Books |